000 00413cam a2200181 4500
001 D12934
008 090401t1963 xxu||||| |||| 00| 0 eng d
035 _a(Sirsi) u6728
041 _aeng
100 _aHeap, Desmond
_cSir
_d1907-1998
245 3 _aAn outline of planning law
250 _a4th
260 _bSweet & Maxwell
_c1963
350 _a0
520 _aShelf 182
942 _n0
948 _c04/03/1997
999 _c86340
_d86340